Prueba de Croacia - Estadísticas

Estadísticas generales
  • Esta prueba ha sido intentada 1.132 veces
  • La puntuación promedio es 11 de 18
Estadísticas de respuestas
Pista Respuesta % Correcto
Capital Zagreb
98%
País del que Croacia formó parte entre 1918 y 1991 Yugoslavia
91%
País con el que Croacia comparte su frontera más larga Bosnia y Herzegovina
88%
Mar que toca Croacia Mar Adriático
84%
Península en la que se encuentra Croacia Balcanes
79%
Organismo internacional al que se unió Croacia en 2013 Unión Europea
79%
El futbolista que ganó el Balón de Oro en 2018 Luka Modrić
78%
Ciudad italiana que controlaba la mayor parte de la costa de Croacia en la Edad Media Venecia
73%
Moneda Euro
66%
La segunda ciudad más grande Split
59%
La rama más común del cristianismo Católica Romana
56%
La ciudad amurallada, antes llamada Ragusa, que es un sitio del patrimonio mundial Dubrovnik
53%
Cordillera de Croacia {Alpes} Dináricos
48%
Región que comprende la mitad meridional de Croacia (pista: una raza de perro) Dalmacia
48%
Código de dos letras del país hr
45%
Península del noroeste de Croacia Istria
22%
Nombra una de las dos islas más grandes Cres | Krk
21%
El emperador romano que construyó un palacio en esa ciudad Diocleciano
20%
No se encontraron pruebas coincidentes
Distribución de puntuación
Porcentaje de gente con cada puntuación
Porcentaje por número respondido
Historial de tus puntuaciones
No has intentado esta prueba.